[Event "VIE-ch U11 Girls"]
[Site "Ho Chi Minh City"]
[Date "2014.07.16"]
[Round "6"]
[White "Nguyen, Trung Hieu Hien"]
[Black "Pham, Thi Ngoc Nhi"]
[Result "1-0"]
[WhiteElo "1739"]
[BlackElo "1721"]
[PlyCount "41"]
[EventDate "2014.07.13"]
[EventType "swiss"]
[EventRounds "9"]
[EventCountry "VIE"]
[SourceTitle "EXT 2016"]
[Source "ChessBase"]
[SourceDate "2015.10.08"]
[SourceVersion "1"]
[SourceVersionDate "2015.10.08"]
[SourceQuality "1"]

1. e4 e5 2. Nf3 Nc6 3. Bc4 d6 4. h3 h6 5. Nc3 Nf6 6. d4 exd4 7. Nxd4 Nxd4 8. Qxd4 c5 9. Qd3 Be7 10. 0-0 0-0 11. Qg3 Nh5 12. Qg6 Nf4 13. Bxf4 a6 14. Bxh6 Bf6 15. Qg3 Be5 16. f4 Bd4+ 17. Kh1 Bf6 18. Rfe1 Re8 19. e5 dxe5 20. fxe5 Bh4 21. Qxg7# 1-0

[Event "VIE-ch U11 Girls"]
[Site "Ho Chi Minh City"]
[Date "2014.07.14"]
[Round "3"]
[White "Ta, Xuan Nghi"]
[Black "Nguyen, Trung Hieu Hien"]
[Result "0-1"]
[WhiteElo "1725"]
[BlackElo "1739"]
[PlyCount "110"]
[EventDate "2014.07.13"]
[EventType "swiss"]
[EventRounds "9"]
[EventCountry "VIE"]
[SourceTitle "EXT 2016"]
[Source "ChessBase"]
[SourceDate "2015.10.08"]
[SourceVersion "1"]
[SourceVersionDate "2015.10.08"]
[SourceQuality "1"]

1. e4 e5 2. Nf3 Nc6 3. Nc3 Nf6 4. Bb5 a6 5. Bxc6 dxc6 6. Nxe5 Qe7 7. d4 c5 8. 0-0 cxd4 9. Qxd4 c5 10. Nd5 cxd4 11. Nxe7 Bxe7 12. Re1 0-0 13. Nf3 Rd8 14. Bg5 h6 15. Bh4 g5 16. Bg3 Nh5 17. Be5 Bf6 18. Bxf6 Nxf6 19. Rad1 Bg4 20. Rd3 Bxf3 21. Rxf3 Ne8 22. Rg3 Rd7 23. h4 f6 24. f4 Rad8 25. Rd1 Rc8 26. Rd2 b5 27. fxg5 hxg5 28. hxg5 fxg5 29. Rxg5+ Ng7 30. Rg6 Kh7 31. Rxa6 Re8 32. Re2 d3 33. cxd3 Rxd3 34. e5 Ne6 35. Ra5 Nd4 36. Re4 Re6 37. b4 Kg6 38. g4 Nf3+ 39. Kf2 Ng5 40. Re1 Rc6 41. Ke2 Rh3 42. Kd1 Rd3+ 43. Ke2 Rcc3 44. Rf1 Re3+ 45. Kd1 Rcd3+ 46. Kc2 Rc3+ 47. Kb2 Ne4 48. Rc1 Re2+ 49. Rc2 Rexc2+ 50. Ka1 Rf2 51. Kb1 Re3 52. Ra6+ Kg5 53. Rc6 Re1+ 54. Rc1 Nc3+ 55. Ka1 Rxc1# 0-1

[Event "VIE-ch U11 Girls"]
[Site "Ho Chi Minh City"]
[Date "2014.07.13"]
[Round "1"]
[White "Huynh, Ngoc Anh Thu"]
[Black "Nguyen, Trung Hieu Hien"]
[Result "1-0"]
[WhiteElo "1711"]
[BlackElo "1739"]
[PlyCount "75"]
[EventDate "2014.07.13"]
[EventType "swiss"]
[EventRounds "9"]
[EventCountry "VIE"]
[SourceTitle "EXT 2016"]
[Source "ChessBase"]
[SourceDate "2015.10.08"]
[SourceVersion "1"]
[SourceVersionDate "2015.10.08"]
[SourceQuality "1"]

1. e4 e5 2. Nf3 Nc6 3. Bc4 Bc5 4. 0-0 Nf6 5. d3 h6 6. Nc3 d6 7. h3 Nd4 8. Na4 b5 9. Nxc5 bxc4 10. Na4 0-0 11. dxc4 c5 12. c3 Nxf3+ 13. Qxf3 Bb7 14. Re1 Qd7 15. b3 Bc6 16. Qd3 Rfd8 17. f3 Bxa4 18. bxa4 Qxa4 19. f4 Qc6 20. fxe5 dxe5 21. Qf3 Kh8 22. g4 Rd7 23. g5 hxg5 24. Bxg5 Rad8 25. Qf2 Nxe4 26. Qh4+ Kg8 27. Qxe4 Qxe4 28. Rxe4 Re8 29. Rae1 f6 30. Be3 f5 31. Rh4 Rc8 32. Bf2 e4 33. Rf4 g6 34. Kh2 Rd2 35. Re3 g5 36. Rg3 Kh7 37. Rxg5 e3 38. Rh4# 1-0